Sąsiedzi Francji - Statystyki

Ogólne statystyki
  • Ten quiz został rozwiązany 60 razy
  • Średni wynik to 8 z 11
Statystyki odpowiedzi
Nr Odpowiedź % Poprawnych
2 Belgia
95%
8 Hiszpania
95%
4 Niemcy
95%
9 Andora
88%
6 Włochy
83%
5 Szwajcaria
79%
3 Luksemburg
76%
7 Monako
74%
10 Brazylia
62%
11 Surinam
43%
1 Holandia (Sint Maarten)
0%
Nie znaleziono quizów pasujących do podanych kryteriów
Rozkład punktacji
Procent ludzi z każdym wynikiem
Percentyl według liczby udzielonych odpowiedzi
Twoja historia wyników
Nie rozwiązałeś tego quizu